| 000 | 00360nam a22001577a 4500 | ||
|---|---|---|---|
| 003 | SGT | ||
| 020 | _a978-81-312-5335-9 | ||
| 082 |
_a610.7362 _bW18H |
||
| 100 | _aHOCKENBERRY, M.J. | ||
| 245 | _aWONG'S ESSENTIALS OF PEDIATRIC NURSING | ||
| 250 | _a2ND | ||
| 260 |
_aINDIA _bELSEVIER _c2018 |
||
| 300 | _a990 | ||
| 650 | _aPEDIATRICS | ||
| 942 |
_2ddc _cBK |
||
| 999 |
_c16511 _d16511 |
||